Noncovalent interactions as the driving force for buildingof molecular magnets based on nitronyl-nitroxide radicals; Noncovalent Interactions In Synthesis, Catalysis, and Crystal Engineering (NCI-2022)

Podrobná bibliografie
Parent link:Noncovalent Interactions In Synthesis, Catalysis, and Crystal Engineering (NCI-2022).— 2022.— [P. 78]
Hlavní autor: Shurikov M. K. Matvey Konstantinovich
Korporativní autor: Национальный исследовательский Томский политехнический университет Исследовательская школа химических и биомедицинских технологий
Další autoři: Petunin P. V. Pavel Vasilievich, Postnikov P. S. Pavel Sergeevich
Shrnutí:Title screen
Jazyk:angličtina
Vydáno: 2022
Témata:
On-line přístup:https://drive.google.com/file/d/1vVYxC4XFYzbTp3uy9AzVrlqO1Hkt59K8/view
Médium: Elektronický zdroj Kapitola
KOHA link:https://koha.lib.tpu.ru/cgi-bin/koha/opac-detail.pl?biblionumber=669023

MARC

LEADER 00000naa0a2200000 4500
001 669023
005 20250703153701.0
035 |a (RuTPU)RU\TPU\network\40260 
035 |a RU\TPU\network\39571 
090 |a 669023 
100 |a 20230208d2022 k||y0rusy50 ba 
101 0 |a eng 
102 |a RU 
135 |a drcn ---uucaa 
181 0 |a i  
182 0 |a b 
200 1 |a Noncovalent interactions as the driving force for buildingof molecular magnets based on nitronyl-nitroxide radicals  |f M. K. Shurikov, P. V. Petunin, P. S. Postnikov 
203 |a Текст  |c электронный 
300 |a Title screen 
320 |a [References: 3 tit.] 
463 |t Noncovalent Interactions In Synthesis, Catalysis, and Crystal Engineering (NCI-2022)  |o 2nd International Symposium, Moscow, November 14-16, 2022  |o book of abstracts  |v [P. 78]  |d 2022 
610 1 |a электронный ресурс 
610 1 |a труды учёных ТПУ 
700 1 |a Shurikov  |b M. K.  |c Chemist  |c Laboratory assistant of Tomsk Polytechnic University  |f 2000-  |g Matvey Konstantinovich  |3 (RuTPU)RU\TPU\pers\46609  |9 22267 
701 1 |a Petunin  |b P. V.  |c chemist  |c Associate Professor of Tomsk Polytechnic University, Candidate of Chemical Sciences  |f 1982-  |g Pavel Vasilievich  |3 (RuTPU)RU\TPU\pers\36904  |9 19933 
701 1 |a Postnikov  |b P. S.  |c organic chemist  |c Associate Professor of Tomsk Polytechnic University, Candidate of chemical sciences  |f 1984-  |g Pavel Sergeevich  |3 (RuTPU)RU\TPU\pers\31287  |9 15465 
712 0 2 |a Национальный исследовательский Томский политехнический университет  |b Исследовательская школа химических и биомедицинских технологий  |c (2017- )  |3 (RuTPU)RU\TPU\col\23537 
801 2 |a RU  |b 63413507  |c 20230208  |g RCR 
850 |a 63413507 
856 4 |u https://drive.google.com/file/d/1vVYxC4XFYzbTp3uy9AzVrlqO1Hkt59K8/view  |z https://drive.google.com/file/d/1vVYxC4XFYzbTp3uy9AzVrlqO1Hkt59K8/view 
942 |c CF